Patrón de ojo
Gorde:
| Egile nagusia: | |
|---|---|
| Formatua: | Liburua |
| Argitaratua: |
[San José , Costa Rica]
1986
|
| Etiketak: |
Etiketa erantsi
Etiketarik gabe, Izan zaitez lehena erregistro honi etiketa jartzen!
|
MARC
| LEADER | 00000nam a2200000Ia 4500 | ||
|---|---|---|---|
| 003 | 004310 | ||
| 005 | 20221231144355.0 | ||
| 008 | 140114s1986 cr a m 000 ||s d | ||
| 040 | |c cru CEDI | ||
| 090 | |a TFG 1801 | ||
| 100 | |a Blanco Infante, Juan Carlos |9 13556 | ||
| 245 | |a Patrón de ojo | ||
| 260 | |c 1986 |a [San José , Costa Rica] | ||
| 300 | |a 98 hojas :ilustraciones | ||
| 500 | |a Proyecto de graduación (bachiller en ingeniería eléctrica)--Universidad de Costa Rica. Facultad de Ingeniería. Escuela de Ingeniería Eléctrica. | ||
| 942 | |c TFG | ||
| 999 | |c 20924 |d 20924 | ||
